000 01933nam a2200397Ia 4500
001 vtls003198590
003 MY-SjTCS
005 20200306165517.0
006 m u
007 cr cn|||||||||
008 100712s1994 dcu sb f001 0 eng d
010 _z 93-032099
020 _z0309048958
035 _a(CaPaEBR)ebr10057010
039 9 _y201007121724
_zVLOAD
040 _aCaPaEBR
_cCaPaEBR
050 1 4 _aRJ240
_b.A38 1994eb
082 0 4 _a615/.372/083
_220
245 0 0 _aAdverse events associated with childhood vaccines
_h[electronic resource] :
_bevidence bearing on causality /
_cKathleen R. Stratton, Cynthia J. Howe, and Richard B. Johnston, Jr., editors.
260 _aWashington, D.C. :
_bNational Academy Press,
_c1994.
300 _axvi, 464 p.
500 _a"Vaccine Safety Committee, Division of Health Promotion and Disease Prevention, Institute of Medicine."
500 _a"The project was supported by funds coordinated through the National Institute of Allergy and Infectious Diseases of the National Institutes of Health (contract no. NO-AI-15130)"--T.p. verso.
504 _aIncludes bibliographical references (p. 348-450) and index.
529 _aTSLHHL
533 _aElectronic reproduction.
_bPalo Alto, Calif. :
_cebrary,
_d2005.
_nAvailable via World Wide Web.
_nAccess may be limited to ebrary affiliated libraries.
650 0 _aVaccination of children
_xComplications.
_9267723
650 0 _aVaccines
_xHealth aspects.
_9267724
650 0 _aVaccines
_xToxicology.
_9267725
655 7 _aElectronic books.
_2local
_9201578
700 1 _aStratton, Kathleen R.
_9267726
700 1 _aHowe, Cynthia J.
_9267727
700 1 _aJohnston, Richard B.,
_d1935-
_9267728
710 2 _aebrary, Inc.
_925628
856 4 0 _uhttps://ezproxy.taylors.edu.my/login?url=http://site.ebrary.com/lib/taylorscollege/Doc?id=10057010
_zAn electronic book accessible through the World Wide Web; click to view
999 _c55597